00477nam a2200169 i 4500001001100000003000500011005001700016008004100033040002500074082001300099245004300112264007300155300001000228336002100238337002500259338002300284C2-0219652PPAK20180728112020.0990907s1984 my |||| ||||| | may d aPPAKbengcPPAKerda04a3202 2300aPolitik (Keratan Akhbar Koleksi Kedah) 1aAlor Setar, Kedah : bPerbadanan Perpustakaan Awam Kedah , c1984/86 c33 cm 2rdacontentatext 2rdamediaaunmediated 2rdacarrieravolume